Регионална библиотека "Любен Каравелов" - Русе

Aus Jahrmillionen; (Запис номер 397972)

MARC детайли
000 -Лидер
Контролно поле с фиксирана дължина nkm a22 a 4500
003 - Код на организацията, давaща контролен номер
Контролно поле BLK
005 - Дата и час на последна редакция
Контролно поле 20210210152656.0
008 - Елементи от данни с фиксирана дължина
fixed length control field 210210b bu ||||| |||| 00| 0 bu d
040 ## - Източник на каталожния запис
Transcribing agency BLK
Идентификатор на билиотеката - собственик на записа BLK
041 ## - Код за език
Код за езика на текст/звукозапис или на отделно заглавие Немски
Код за езика КДБФ Немски
080 ## - УДК
Текстов определител УДК Обща палеозоология
УДК код - определител по УДК 56
УДК определител 591
УДК - код + определител 56:591
100 ## - Редна дума - Автор
Автор Muller, Arno Hermann
R(LIN) 1299
Авторска отговорност първи автор
139 ## - Редно поле
Редна дума Muller, Arno Hermann
Авторски знак Mul - M 94
245 10 - Сведения за заглавието
Заглавие Aus Jahrmillionen;
Подзаглавни данни Tiere der Vorzeit : Mit 290 überwiegend ganzseitigen Abbildungen
Редно поле (дума) Arno Hermann Muller : Bildautor Helmut Zimmermann
260 ## - Област на издателските данни
Място на издаване, разпространение и проч. Jena
Име на издателя, разпространителя и проч. G. Fischer
Година на издаване 1962
9 (RLIN) 215977
300 ## - Физическа характеристика
Страници 409 s.
Илюстрации и др. ill. (part col.) diagr., fold. tabl.
Размери/Мащаб 31 cm
380 ## - Жанр
Жанр Естествени науки. Математика
504 ## - Забележка за наличие на библиография и др
Забележка за наличие на библиография и под. Bibliography: p. 400.
650 #7 - Допълнително описание по предмет – тема
Основно описание – тема или топоним Палеонтология
9 (RLIN) 165550
700 ## - Други автори (авторска отговорност)
Лично име Zimmermann, Helmut
Автороска отговорност (Описва отношението между автора и произведението) ill.
9 (RLIN) 130
852 ## - Местоположение
Форматна сигнатура Цб ІІ 26356
Фондова буква Основен фонд - ползва се само за читалня
999 ## - СИСТЕМНИ КОНТРОЛНИ НОМЕРА
Koha biblionumber 397972
Koha biblioitemnumber 397972
942 ## - АРТИКУЛИ
Вид на библиотечния материал Графични издания
Скрит в OPAC Не
Периодичен библиозапис Да
944 ## - СЪЗДАВАНЕ И РЕДАКЦИЯ на ЗАПИСА
Дата на регистрацията/редакция 2021-02-10
Служител, извършил регистрацията/редакцията ВК
Наличности
Код за отписване Код за изгубен артикул Източник на класификационната схема Код за повреда Коз за рестрикции Код за отдаване Артикулен № Име на библиотеката - собственик Име на библиотеката, в която се намира в момента Статус (Текущо местоположение) Дата на вписване в системата Местоположение - отдел Цена в лева Инвентарен номер Систематично азбучна сигнатура Баркод Цена в евро Служебен тип на артикула
  Не е изгубен Universal Decimal Classification Не е повреден само за читалня ползва се в читалня 811997 Регионална библиотека "Любен Каравелов" Русе Регионална библиотека "Любен Каравелов" Русе Хранилище 2021-02-15 Основен фонд - ползва се само за читалня 6.02 5856/68 Цб ІІ 26356 900000039692 3.08 Графични издания
Vip Innovations Ltd, Rousse, Bulgaria 2025